logo

Bir Sreshtho Munshi Abdur Rouf Library
Jhenaidah Cadet College

The $100 startup : reinvent the way you make a living, do what you love / (Record no. 14192)

MARC details
000 -LEADER
fixed length control field 00659nam a2200229 a 4500
001 - CONTROL NUMBER
JCCL Control Number 14192
003 - CONTROL NUMBER IDENTIFIER
JCCL marc code BD-JhCC
005 - DATE AND TIME OF LATEST TRANSACTION
control field 20250209092429.0
008 - FIXED-LENGTH DATA ELEMENTS--GENERAL INFORMATION
fixed length control field 250209b2012 us a|||| ||a| 000 0 eng d
020 ## - INTERNATIONAL STANDARD BOOK NUMBER
International Standard Book Number 9780307951540
035 ## - SYSTEM CONTROL NUMBER
system control number (BD-JhCC)14192
040 ## - CATALOGING SOURCE
Original cataloging agency BD-JhCC
Modifying agency BD-JhCC
041 ## - LANGUAGE CODE
Language code of Book eng
082 ## - DEWEY DECIMAL CLASSIFICATION NUMBER
Classification number 160.5
Author mark and Year GUI 2012
100 ## - MAIN ENTRY--PERSONAL NAME
Personal name Guillebeau, Chris
245 ## - TITLE STATEMENT
Title The $100 startup : reinvent the way you make a living, do what you love /
Statement of responsibility, etc Chris Guillebeau
260 ## - PUBLICATION, DISTRIBUTION, ETC. (IMPRINT)
Place of publication, distribution, etc New York:
Name of publisher, distributor, etc Crown Business;
Date of publication, distribution, etc 2012.
300 ## - PHYSICAL DESCRIPTION
Pagination 256 p .
Dimensions 20 cm.
650 ## - SUBJECT ADDED ENTRY--TOPICAL TERM
Topical term or geographic name as entry element Department of Entrepreneurship and Leadership
942 ## - ADDED ENTRY ELEMENTS (KOHA)
Source of classification or shelving scheme Dewey Decimal Classification
Koha item type Books
Holdings
Source of classification or shelving scheme Damaged status Not for loan Home library Current library Shelving location Date of accession Source of acquisition Cost, normal purchase price Total Checkouts Full call number Barcode Date last seen Copy number Method of acquisition Koha item type Currency Date checked out
Dewey Decimal Classification     JCC Rouf Library JCC Rouf Library General Stacks   With the compliments of Maj (Retd) Syed Sakhawat Hussain,07/0388/K 100.00   160.5 GUI 2012 19963 02/09/2025 C-1 Gift/Donation Books BDT  
Dewey Decimal Classification     JCC Rouf Library JCC Rouf Library General Stacks   With the compliments of Maj (Retd) Syed Sakhawat Hussain,07/0388/K 100.00 1 160.5 GUI 2012 19964 01/29/2026 C-2 Gift/Donation Books BDT 01/20/2026

JCC Library | Contacts | JCC Home

Last Update on 23 September 2017
Copyright @ 2017-2020 JCC Rouf Library
Rouf Library, Jhenidah Cadet College (JCC), Bangladesh